000 01125cam a2200229 4500
001 WB3914-20
008 030409n2003 000 0 eng u
035 _a(Sirsi) u121935
245 _aFighting battle against poverty
260 _c2003
490 _aODPM News Release
_v(068) 8 April 2003 (3)
490 _aODPM News Release
_v(069) 8 April 2003 (2)
520 _aEighty-eight local authorities in England's most deprived areas will receive a share of the latest £800m Neighbourhood Renewal Fund. Speaking at the "New agenda for British housing" conference, John Prescott also announced three new urban regeneration companies in Sandwell, Derby, West Cumbria and Furness and emphasised the role of land-use planning in delivering the sustainable communities plan. www.odpm.gov.uk/pns/DisplayPN.cgi?pn_id=2003_0068. www.odpm.gov.uk/pns/DisplayPN.cgi?pn_id=2003_0069.
590 _aWB
650 _aNEIGHBOURHOOD RENEWAL FUND
650 _aDEPRIVED AREAS
650 _aURBAN REGENERATION COMPANIES
650 _aSUSTAINABLE COMMUNITIES
650 _aLAND USE PLANNING
690 _aREGENERATION
942 _n0
999 _c72468
_d72468